[Event "G7-1 2012"]
[Site "Helsingor"]
[Date "2012.04.05"]
[Round "3"]
[White "Molin, Claus"]
[Black "Bruun, Henrik Emil"]
[Result "0-1"]
[WhiteElo "1887"]
[BlackElo "1950"]
[PlyCount "52"]
[EventDate "2012.??.??"]
[EventCountry "DEN"]

1. Nf3 d6 2. e4 g6 3. d4 Bg7 4. Nc3 Nf6 5. Be2 O-O 6. O-O c5 7. d5 Na6 8. Bf4
Nc7 9. Nd2 Bd7 10. a4 Rb8 11. Nc4 b5 12. axb5 Nxb5 13. e5 Nxc3 14. bxc3 Ne4 15.
Qd3 Bf5 16. Qf3 dxe5 17. Nxe5 Rb7 18. g4 Bxe5 19. Bxe5 Qxd5 20. Bf4 Bd7 21.
Rfd1 Qe6 22. Ra6 Bc6 23. Bh6 Rc8 24. Bd3 f5 25. Raa1 Ng5 26. Qf4 Nh3+ 0-1

[Event "G7-1 2012"]
[Site "Helsingor"]
[Date "2012.04.05"]
[Round "3"]
[White "Vesterli, Michael E"]
[Black "Willumsen, Niels Henrik"]
[Result "0-1"]
[WhiteElo "1956"]
[BlackElo "2127"]
[PlyCount "64"]
[EventDate "2012.??.??"]
[EventCountry "DEN"]

1. d4 Nf6 2. c4 g6 3. Nc3 Bg7 4. e4 d6 5. Nf3 O-O 6. Be2 e5 7. Be3 h6 8. Nd2
exd4 9. Bxd4 Nc6 10. Be3 Re8 11. f3 Ne5 12. O-O c6 13. Qb3 Be6 14. Qxb7 Rb8 15.
Qxa7 Rxb2 16. Rab1 Rc2 17. Qa3 Nfg4 18. fxg4 Rxc3 19. Qa7 c5 20. Rb3 Rxe3 21.
Rxe3 Nc6 22. Qa4 Bd4 23. Qb3 Qg5 24. Rff3 Rb8 25. Qa3 Ne5 26. Rg3 Rb2 27. Kf1
Rxd2 28. Qa8+ Kg7 29. h4 Qf4+ 30. Ref3 Nxf3 31. Rxf3 Qh2 32. Ke1 Rxe2+ 0-1

[Event "G7-1 2012"]
[Site "Helsingor"]
[Date "2012.04.05"]
[Round "3"]
[White "Percivaldi, Martin"]
[Black "Nielsen, Klaus"]
[Result "1/2-1/2"]
[WhiteElo "1920"]
[BlackElo "2043"]
[PlyCount "87"]
[EventDate "2012.??.??"]
[EventCountry "DEN"]

1. d4 d5 2. Nf3 e6 3. g3 f5 4. Bg2 Nf6 5. c4 c6 6. O-O Bd6 7. Nc3 O-O 8. c5 Bc7
9. Rb1 b5 10. cxb6 axb6 11. Qc2 Qe7 12. b4 Bb7 13. Bd2 Nbd7 14. Rfc1 Ne4 15. e3
Rfc8 16. Be1 Bd6 17. Qb3 Ra7 18. Nd2 Rca8 19. Ndxe4 fxe4 20. Bf1 Ra3 21. Qb2 e5
22. Rc2 exd4 23. exd4 Nf6 24. Nd1 Qe8 25. Ne3 Bc8 26. Ra1 Bd7 27. Rc3 Rxc3 28.
Qxc3 Qh5 29. a4 c5 30. bxc5 bxc5 31. dxc5 Be5 32. Qc1 Bxa1 33. Qxa1 Rxa4 34.
Qc1 Qe8 35. Qb2 Ra8 36. Bc3 Qe6 37. Qb3 Ba4 38. Qb7 Bc6 39. Qb6 Nd7 40. Bh3 Qg6
41. Bxd7 Bxd7 42. Qxg6 hxg6 43. Nxd5 Kf7 44. Nb6 1/2-1/2

[Event "G7-1 2012"]
[Site "Helsingor"]
[Date "2012.04.05"]
[Round "3"]
[White "Hvid, Jorn Christensen"]
[Black "Luther, Lasse"]
[Result "1-0"]
[WhiteElo "1884"]
[BlackElo "1907"]
[PlyCount "37"]
[EventDate "2012.??.??"]
[EventCountry "DEN"]

1. e4 c5 2. c3 d5 3. exd5 Qxd5 4. d4 Nc6 5. Nf3 Bg4 6. Be2 e6 7. O-O cxd4 8.
cxd4 Nf6 9. Nc3 Qa5 10. Be3 Be7 11. Qb3 O-O 12. Qxb7 Rfc8 13. Ne5 Nxe5 14. dxe5
Bxe2 15. exf6 Bxf1 16. fxe7 Ba6 17. Qd7 Qc7 18. e8=Q+ Rxe8 19. Qxc7 1-0

[Event "G7-1 2012"]
[Site "Helsingor"]
[Date "2012.04.05"]
[Round "3"]
[White "Andersen, Rune"]
[Black "Sorensen, Dick"]
[Result "0-1"]
[WhiteElo "2111"]
[BlackElo "1896"]
[PlyCount "78"]
[EventDate "2012.??.??"]
[EventCountry "DEN"]

1. d4 d5 2. c4 c6 3. Nc3 e6 4. e4 dxe4 5. Nxe4 Nf6 6. Nxf6+ Qxf6 7. a3 Bd6 8.
Nf3 h6 9. Bd3 Nd7 10. O-O e5 11. Nd2 Bc7 12. f4 e4 13. Nxe4 Qxd4+ 14. Nf2 Bb6
15. Re1+ Kf8 16. Be3 Qxb2 17. Rb1 Qxa3 18. Rb3 Qd6 19. Ne4 Bxe3+ 20. Rxe3 Qd4
21. Qe2 Nc5 22. Nxc5 Qxc5 23. h3 b6 24. Kh2 Bd7 25. Re5 Qd4 26. Re4 Qf6 27. Bb1
Bf5 28. Re5 Bxb1 29. Rxb1 g6 30. f5 g5 31. c5 Kg7 32. cxb6 axb6 33. Rxb6 Rhb8
34. Rxb8 Rxb8 35. Rc5 Qd6+ 36. Qe5+ Qxe5+ 37. Rxe5 Rb5 38. Re7 Rxf5 39. Rc7 Rc5
0-1

[Event "G7-1 2012"]
[Site "Helsingor"]
[Date "2012.04.06"]
[Round "4"]
[White "Molin, Claus"]
[Black "Thomsen, Kurt"]
[Result "1/2-1/2"]
[WhiteElo "1887"]
[BlackElo "1909"]
[PlyCount "110"]
[EventDate "2012.??.??"]
[EventCountry "DEN"]

1. e4 e6 2. d4 d5 3. Nc3 Bb4 4. Bd2 dxe4 5. Qg4 Qxd4 6. O-O-O f5 7. Qh3 Qf6 8.
Kb1 Bxc3 9. Bxc3 Qf7 10. Bc4 Nf6 11. Ne2 Nd5 12. Bxd5 exd5 13. Nf4 c6 14. Nh5
Rg8 15. f3 Be6 16. Nf4 Nd7 17. fxe4 dxe4 18. Nxe6 Qxe6 19. Rhf1 g6 20. g4 O-O-O
21. gxf5 gxf5 22. Qxf5 Qxf5 23. Rxf5 Rdf8 24. Rh5 Rf7 25. Re1 Re8 26. Re3 Rf3
27. Rxf3 exf3 28. Rf5 Rf8 29. Rxf8+ Nxf8 30. Be1 Ng6 31. Kc1 Ne5 32. Kd1 Ng4
33. Bg3 f2 34. Ke2 f1=Q+ 35. Kxf1 Ne3+ 36. Ke2 Nxc2 37. Bf2 Nb4 38. a3 Nd5 39.
Kf3 a6 40. Kg4 Kd7 41. Kf5 a5 42. Kg5 Ke6 43. Kh6 Kf7 44. Be1 a4 45. Bd2 b5 46.
h4 Kg8 47. Bg5 c5 48. Bc1 b4 49. Kg5 bxa3 50. bxa3 Kf7 51. Kf5 Ne7+ 52. Ke5
Ng6+ 53. Kd5 Nxh4 54. Kxc5 Ke6 55. Kb4 Kd6 1/2-1/2

[Event "G7-1 2012"]
[Site "Helsingor"]
[Date "2012.04.06"]
[Round "4"]
[White "Nielsen, Klaus"]
[Black "Hvid, Jorn Christensen"]
[Result "1-0"]
[WhiteElo "2043"]
[BlackElo "1884"]
[PlyCount "75"]
[EventDate "2012.??.??"]
[EventCountry "DEN"]

1. d4 Nf6 2. Nf3 d5 3. e3 c6 4. c4 e6 5. Bd3 dxc4 6. Bxc4 b5 7. Bd3 Bb7 8. O-O
Be7 9. e4 a6 10. Qc2 Nbd7 11. a4 h6 12. h3 c5 13. e5 Nd5 14. Bd2 Qb6 15. axb5
axb5 16. Rxa8+ Bxa8 17. dxc5 Nxc5 18. Be2 O-O 19. Na3 b4 20. Nc4 Qb8 21. Ra1
Rc8 22. b3 Nd7 23. Qb2 Bc5 24. Ne1 N5b6 25. Nd3 Bd5 26. Nxc5 Nxc5 27. Nd6 Rd8
28. Bxb4 Nxb3 29. Ra3 Nd7 30. Rxb3 Bxb3 31. Qxb3 Nxe5 32. Qa3 Nc6 33. Bc5 Nd4
34. Bd3 Qb3 35. Qa6 Qc3 36. Qb6 Rxd6 37. Qb8+ Rd8 38. Qxd8# 1-0

[Event "G7-1 2012"]
[Site "Helsingor"]
[Date "2012.04.06"]
[Round "4"]
[White "Fredericia, Louise Winther"]
[Black "Bruun, Henrik Emil"]
[Result "1-0"]
[WhiteElo "2058"]
[BlackElo "1950"]
[PlyCount "53"]
[EventDate "2012.??.??"]
[EventCountry "DEN"]

1. c4 d6 2. g3 g6 3. Bg2 Bg7 4. Nc3 Nf6 5. e4 O-O 6. Nge2 c5 7. O-O Nc6 8. d3
Bg4 9. f3 Bd7 10. Be3 Ne8 11. Qd2 Nc7 12. f4 f5 13. exf5 gxf5 14. d4 b6 15.
Rad1 cxd4 16. Nxd4 Qe8 17. Rfe1 Rc8 18. b3 Nxd4 19. Bxd4 Bf6 20. Re2 Bc6 21.
Bxc6 Qxc6 22. Bxf6 Rxf6 23. Rxe7 d5 24. Nxd5 Rd6 25. Re5 Nxd5 26. Rxd5 Re6 27.
Rd8+ 1-0

[Event "G7-1 2012"]
[Site "Helsingor"]
[Date "2012.04.06"]
[Round "4"]
[White "Jensen, Morten Frank"]
[Black "Bjorneboe, Kristian"]
[Result "1/2-1/2"]
[WhiteElo "1979"]
[BlackElo "1902"]
[PlyCount "115"]
[EventDate "2012.??.??"]
[EventCountry "DEN"]

1. g3 e5 2. Bg2 g6 3. c4 Bg7 4. Nc3 Nc6 5. d3 d6 6. e4 Nge7 7. Nge2 O-O 8. O-O
f5 9. exf5 Nxf5 10. Rb1 Nfd4 11. Nxd4 Nxd4 12. b4 c6 13. a4 Be6 14. b5 Qc7 15.
Ba3 Rad8 16. Ne4 h6 17. c5 d5 18. b6 Qb8 19. bxa7 Qxa7 20. Nd6 Ra8 21. Rxb7
Qxa4 22. Qxa4 Rxa4 23. Bb2 Bg4 24. Re1 Nf3+ 25. Bxf3 Bxf3 26. Rxe5 Ra2 27.
Rxg7+ Kxg7 28. Re7+ Kg8 29. Rg7+ Kh8 30. Nf7+ Rxf7 31. Rxf7+ Rxb2 32. Rxf3 Kg7
33. h4 Rb3 34. Kg2 Rc3 35. d4 Rc4 36. Rf4 g5 37. Rg4 Kf6 38. hxg5+ hxg5 39. f4
gxf4 40. Rxf4+ Kg5 41. Kh3 Ra4 42. Rg4+ Kf5 43. Rf4+ Kg5 44. Rf8 Rxd4 45. Rc8
Rc4 46. Rxc6 d4 47. Rc8 d3 48. c6 d2 49. Rd8 Rxc6 50. Rxd2 Rh6+ 51. Kg2 Ra6 52.
Rb2 Ra8 53. Rb5+ Kg4 54. Rb4+ Kg5 55. Rc4 Rf8 56. Rh4 Ra8 57. Kh3 Ra1 58. Rb4
1/2-1/2

[Event "G7-1 2012"]
[Site "Helsingor"]
[Date "2012.04.06"]
[Round "4"]
[White "Willumsen, Niels Henrik"]
[Black "Schultz Pedersen, Jesper"]
[Result "1-0"]
[WhiteElo "2127"]
[BlackElo "2130"]
[PlyCount "91"]
[EventDate "2012.??.??"]
[EventCountry "DEN"]

1. e4 Nc6 2. Nf3 e6 3. d4 d5 4. e5 Bd7 5. Be2 Nge7 6. c3 Nf5 7. Bg5 Be7 8. h4
h6 9. Bxe7 Nfxe7 10. Nbd2 Nc8 11. Qc2 a5 12. Nf1 Nb6 13. Rh3 Qe7 14. Rg3 Qf8
15. Ne3 O-O-O 16. h5 Kb8 17. Nd2 f6 18. Rf3 Be8 19. exf6 gxf6 20. g4 Qg7 21.
Bb5 Nxd4 22. cxd4 Bxb5 23. Qg6 Qxg6 24. hxg6 Nd7 25. Ng2 e5 26. a4 Ba6 27. Nb3
Rdg8 28. dxe5 Nxe5 29. Rxf6 Nxg4 30. Re6 Re8 31. Nc5 Rxe6+ 32. Nxe6 Re8 33.
Ngf4 Ne5 34. g7 Nd3+ 35. Kd2 Nxf4 36. Nxf4 d4 37. b3 c5 38. Re1 Rg8 39. Re7 c4
40. Nd5 cxb3 41. Nf6 b2 42. Kc2 Rc8+ 43. Kxb2 Bc4 44. Rd7 d3 45. Rd4 Bg8 46.
Rxd3 1-0

[Event "G7-1 2012"]
[Site "Helsingor"]
[Date "2012.04.06"]
[Round "4"]
[White "Hoyer, Jacob K"]
[Black "Percivaldi, Martin"]
[Result "1-0"]
[WhiteElo "2053"]
[BlackElo "1920"]
[PlyCount "93"]
[EventDate "2012.??.??"]
[EventCountry "DEN"]

1. d4 d5 2. c4 c6 3. Nf3 Nf6 4. Nc3 e6 5. e3 Nbd7 6. b3 Bb4 7. Bd2 Qe7 8. cxd5
exd5 9. Bd3 O-O 10. O-O Re8 11. Na4 Bd6 12. Qc2 Nf8 13. Nc5 Ne6 14. b4 g6 15.
Nxe6 Bxe6 16. b5 Qc7 17. bxc6 bxc6 18. Rfc1 Bd7 19. Rab1 Rab8 20. Be1 Rxb1 21.
Rxb1 Bg4 22. Ne5 Bxe5 23. dxe5 Nd7 24. f4 c5 25. h3 Be6 26. g4 Nf8 27. Bb4 c4
28. Bf1 Qb6 29. Bd2 Qc5 30. Qc3 Rc8 31. Qb4 Nd7 32. Be2 Rb8 33. Qxb8+ Nxb8 34.
Rxb8+ Kg7 35. Kf2 Qa3 36. Bb4 Qa6 37. Bf8+ Kg8 38. Bh6+ Bc8 39. g5 Qc6 40. Bg4
c3 41. Bxc8 Qc7 42. Ra8 Qd8 43. e6 d4 44. e7 dxe3+ 45. Kg3 Qe8 46. Bb7 f6 47.
Bd5+ 1-0

[Event "G7-1 2012"]
[Site "Helsingor"]
[Date "2012.04.06"]
[Round "4"]
[White "Luther, Lasse"]
[Black "Christensen, Casper"]
[Result "1/2-1/2"]
[WhiteElo "1907"]
[BlackElo "1886"]
[PlyCount "58"]
[EventDate "2012.??.??"]
[EventCountry "DEN"]

1. d4 Nf6 2. Nf3 d5 3. e3 e6 4. Bd3 c5 5. b3 Qc7 6. Bb2 Nbd7 7. Nbd2 b6 8. Ne5
Bb7 9. f4 Be7 10. O-O O-O 11. Rf3 c4 12. Nxd7 Qxd7 13. bxc4 dxc4 14. Nxc4 Bxf3
15. Qxf3 Nd5 16. Qh3 f5 17. Ne5 Qc8 18. a3 Nc3 19. Rf1 a6 20. Rf3 b5 21. g4 Na4
22. Bc1 Bd6 23. gxf5 exf5 24. e4 Bxe5 25. fxe5 Qc3 26. Be3 f4 27. Qe6+ Kh8 28.
Bxf4 Qxd4+ 29. Kg2 Nc5 1/2-1/2

[Event "G7-1 2012"]
[Site "Helsingor"]
[Date "2012.04.06"]
[Round "4"]
[White "Karstensen, Christian"]
[Black "Oland, Arne"]
[Result "1-0"]
[WhiteElo "1912"]
[BlackElo "1878"]
[PlyCount "71"]
[EventDate "2012.??.??"]
[EventCountry "DEN"]

1. e4 e6 2. d4 d5 3. Nc3 Bb4 4. e5 c5 5. Bd2 c4 6. Qg4 g6 7. Nf3 h6 8. Be2 Nc6
9. O-O Be7 10. b3 h5 11. Qf4 cxb3 12. cxb3 a6 13. h4 Nh6 14. Ng5 Nf5 15. Be3
Bd7 16. Rac1 Rc8 17. Bd3 Bxg5 18. hxg5 Nce7 19. Ne2 Qa5 20. Bb1 O-O 21. g4 hxg4
22. Qxg4 Bb5 23. Kg2 Nxe3+ 24. fxe3 Qd2 25. Rce1 Nf5 26. Bxf5 exf5 27. Qf3 Rc3
28. Kf2 Rfc8 29. Rh1 Kf8 30. a4 Bd7 31. Rd1 Qa2 32. Qxd5 Rc2 33. Qd6+ Kg8 34.
Rde1 Be6 35. Qe7 f4 36. Qf6 1-0

[Event "G7-1 2012"]
[Site "Helsingor"]
[Date "2012.04.06"]
[Round "4"]
[White "Hansen, Verner"]
[Black "Poulsen, Peter Risgaard"]
[Result "1/2-1/2"]
[WhiteElo "1900"]
[BlackElo "1888"]
[PlyCount "91"]
[EventDate "2012.??.??"]
[EventCountry "DEN"]

1. e4 e6 2. d4 d5 3. Nd2 Nf6 4. e5 Nfd7 5. Ngf3 c5 6. c3 Nc6 7. Be2 f6 8. exf6
Nxf6 9. O-O cxd4 10. cxd4 Bd6 11. Re1 O-O 12. b3 Qc7 13. Bb2 Ng4 14. g3 Bd7 15.
Nf1 Rf6 16. Bd3 g6 17. h3 Raf8 18. Be2 Nh6 19. Kg2 Bb4 20. N1d2 Qa5 21. a3 Bxd2
22. b4 Bxb4 23. axb4 Qxb4 24. Ba3 Qb6 25. Bxf8 Rxf8 26. Rb1 Qc7 27. Bb5 Nf7 28.
h4 Nd6 29. Bxc6 bxc6 30. Ne5 Ne4 31. Rb2 c5 32. Nxd7 Qxd7 33. dxc5 Qc7 34. Re3
Qxc5 35. Qe1 Qd4 36. Rbe2 Rf6 37. f3 Nd6 38. Rxe6 Nf5 39. Rxf6 Qxf6 40. Re5 d4
41. f4 Qc6+ 42. Kh3 Ne3 43. Rxe3 dxe3 44. Qxe3 Qh1+ 45. Kg4 Qd1+ 46. Kh3
1/2-1/2

[Event "G7-1 2012"]
[Site "Helsingor"]
[Date "2012.04.06"]
[Round "4"]
[White "Vesterli, Michael E"]
[Black "Andersen, Rune"]
[Result "0-1"]
[WhiteElo "1956"]
[BlackElo "2111"]
[PlyCount "70"]
[EventDate "2012.??.??"]
[EventCountry "DEN"]

1. d4 d5 2. c4 c6 3. Nc3 Nf6 4. Nf3 e6 5. Bg5 h6 6. Bh4 g5 7. Bg3 dxc4 8. e4 b5
9. Be2 Bb7 10. O-O Nbd7 11. Ne5 Bg7 12. Nxf7 Kxf7 13. e5 Nd5 14. Ne4 Ke7 15.
Nd6 Qc7 16. Qc2 Nf8 17. Qe4 c5 18. f4 Nxf4 19. Nxb7 Nxe2+ 20. Kh1 Nd7 21. Qg6
Qxb7 22. Qxg7+ Kd8 23. Qxh8+ Kc7 24. Qh7 cxd4 25. Be1 Qd5 26. Ba5+ Kc6 27. Rf7
Nf4 28. Rg1 Nd3 29. b3 N3xe5 30. Rf2 Ng4 31. Rf7 Nge5 32. Re7 Ng4 33. Rf1 Qe5
34. g3 Qe2 35. Rf2 Nxf2+ 0-1

[Event "G7-1 2012"]
[Site "Helsingor"]
[Date "2012.04.07"]
[Round "5"]
[White "Percivaldi, Martin"]
[Black "Bjorneboe, Kristian"]
[Result "1/2-1/2"]
[WhiteElo "1920"]
[BlackElo "1902"]
[PlyCount "194"]
[EventDate "2012.??.??"]
[EventCountry "DEN"]

1. d4 Nf6 2. Nf3 g6 3. g3 Bg7 4. Bg2 d6 5. O-O O-O 6. c4 Nc6 7. Nc3 Nd7 8. e4
e5 9. d5 Ne7 10. Ne1 f5 11. Nd3 Nf6 12. f4 Nxe4 13. Nxe4 fxe4 14. Bxe4 Bf5 15.
Qe2 Bxe4 16. Qxe4 Nf5 17. fxe5 dxe5 18. Nc5 Nd6 19. Qe2 Rxf1+ 20. Qxf1 Qf6 21.
Qe2 c6 22. Bd2 cxd5 23. cxd5 Nf5 24. Bc3 Qb6 25. Qf2 Rc8 26. Ne6 Qxf2+ 27. Kxf2
Nd4 28. Nxg7 Kxg7 29. Rd1 Kf6 30. Ke3 Nf5+ 31. Kf3 Nd4+ 32. Ke4 Rc4 33. Bxd4
exd4 34. Rxd4 Rc8 35. b3 Re8+ 36. Kd3 Rd8 37. Rf4+ Ke5 38. Re4+ Kd6 39. Kd4 Rf8
40. Rf4 Re8 41. Rf6+ Kd7 42. Rf7+ Kd6 43. Rxb7 Re2 44. Rxa7 Rd2+ 45. Kc4 Rc2+
46. Kd3 Rxh2 47. Ke4 Re2+ 48. Kf3 Rh2 49. Ra5 Rd2 50. b4 g5 51. a3 h5 52. Ke4
Rg2 53. Ra6+ Kd7 54. Kf3 Rd2 55. d6 Rd3+ 56. Kf2 Rd2+ 57. Ke3 Rg2 58. Kf3 Rb2
59. Ra5 Rb3+ 60. Kf2 Rb2+ 61. Ke1 h4 62. gxh4 gxh4 63. Rh5 Rb3 64. Rxh4 Rxa3
65. Rd4 Ra6 66. Rc4 Rxd6 67. Ke2 Rc6 68. Rh4 Kc7 69. Kd3 Kb6 70. Rh5 Rg6 71.
Kc4 Rg4+ 72. Kb3 Rg8 73. Rh6+ Kb5 74. Rh5+ Kb6 75. Re5 Rg3+ 76. Ka4 Rg6 77. Re8
Rh6 78. Rb8+ Kc7 79. Rb5 Ra6+ 80. Ra5 Rh6 81. Rg5 Kb6 82. Rg4 Rf6 83. Rg8 Rh6
84. Rb8+ Kc7 85. Rb5 Ra6+ 86. Kb3 Rh6 87. Kc4 Rh4+ 88. Kb3 Kc6 89. Ka4 Rh1 90.
Rg5 Ra1+ 91. Kb3 Rh1 92. b5+ Kb6 93. Kb4 Rh4+ 94. Kc3 Rh3+ 95. Kc4 Rh4+ 96. Kd3
Rh3+ 97. Ke4 Rb3 1/2-1/2

[Event "G7-1 2012"]
[Site "Helsingor"]
[Date "2012.04.07"]
[Round "5"]
[White "Fredericia, Louise Winther"]
[Black "Willumsen, Niels Henrik"]
[Result "0-1"]
[WhiteElo "2058"]
[BlackElo "2127"]
[PlyCount "70"]
[EventDate "2012.??.??"]
[EventCountry "DEN"]

1. c4 e5 2. g3 Nc6 3. Bg2 Nf6 4. Nc3 Bb4 5. Nf3 O-O 6. O-O Re8 7. d3 h6 8. Bd2
a5 9. a3 Bxc3 10. Bxc3 a4 11. Nd2 d6 12. b3 axb3 13. Qxb3 Nd4 14. Bxd4 exd4 15.
Rfe1 c5 16. Ne4 Nxe4 17. Bxe4 Qa5 18. Reb1 Bh3 19. Qxb7 Rad8 20. Ra2 g6 21. Qb2
Kg7 22. Qd2 Rb8 23. Rd1 Qa4 24. Qc2 Rb3 25. f3 Reb8 26. Kf2 f5 27. Bd5 Qe8 28.
Qd2 Rb1 29. Rxb1 Rxb1 30. g4 Qe5 31. f4 Qe7 32. Kg3 Rg1+ 33. Kf2 Rf1+ 34. Kg3
fxg4 35. Rb2 h5 0-1

[Event "G7-1 2012"]
[Site "Helsingor"]
[Date "2012.04.07"]
[Round "5"]
[White "Hvid, Jorn Christensen"]
[Black "Jensen, Morten Frank"]
[Result "1/2-1/2"]
[WhiteElo "1884"]
[BlackElo "1979"]
[PlyCount "40"]
[EventDate "2012.??.??"]
[EventCountry "DEN"]

1. c4 g6 2. Nc3 Bg7 3. d4 c5 4. e3 cxd4 5. exd4 Nf6 6. Nf3 O-O 7. Be2 d5 8. c5
Nc6 9. O-O b6 10. Na4 Bg4 11. Be3 Ne4 12. Rc1 bxc5 13. Nxc5 Nxc5 14. Rxc5 Na5
15. Qd2 Nc4 16. Bxc4 dxc4 17. Ne5 Be6 18. Nc6 Qd7 19. d5 Bf5 20. Rxc4 Rfc8
1/2-1/2

[Event "G7-1 2012"]
[Site "Helsingor"]
[Date "2012.04.07"]
[Round "5"]
[White "Thomsen, Kurt"]
[Black "Vesterli, Michael E"]
[Result "0-1"]
[WhiteElo "1909"]
[BlackElo "1956"]
[PlyCount "102"]
[EventDate "2012.??.??"]
[EventCountry "DEN"]

1. d4 Nf6 2. c4 g6 3. Nc3 Bg7 4. e4 d6 5. f3 O-O 6. Be3 c5 7. d5 e6 8. Qd2 exd5
9. cxd5 Nbd7 10. Nge2 Ne5 11. Ng3 Re8 12. Be2 Bd7 13. a4 a6 14. O-O h5 15. Nh1
b5 16. axb5 axb5 17. Nxb5 Qb6 18. Nc3 Rxa1 19. Rxa1 Rb8 20. Rb1 Qa5 21. Nf2 Bc8
22. Nd3 Nc4 23. Qc1 Nxe3 24. Qxe3 Nxd5 25. Qc1 Bd4+ 26. Kf1 Ne3+ 27. Kg1 Ba6
28. Kh1 Bxc3 29. Ra1 Qxa1 30. Qxa1 Bxd3 31. Bxd3 Rxb2 32. h3 c4 33. Bxc4 Nxc4
34. Qc1 Rb3 35. g4 hxg4 36. hxg4 Ne5 37. Kg2 Nxf3 38. Qd1 Nd4 39. Qf1 Ne6 40.
Qd1 Rb2+ 41. Kf3 Be5 42. Ke3 Bf4+ 43. Kf3 Rd2 44. Qa4 g5 45. Qa8+ Kg7 46. e5
Bxe5 47. Ke4 Bf6 48. Ke3 Rd4 49. Qc6 d5 50. Qd6 Re4+ 51. Kd3 Rxg4 0-1

[Event "G7-1 2012"]
[Site "Helsingor"]
[Date "2012.04.07"]
[Round "5"]
[White "Hansen, Verner"]
[Black "Luther, Lasse"]
[Result "0-1"]
[WhiteElo "1900"]
[BlackElo "1907"]
[PlyCount "52"]
[EventDate "2012.??.??"]
[EventCountry "DEN"]

1. e4 c5 2. Nc3 d6 3. g3 Nc6 4. Bg2 g6 5. f4 Bg7 6. Nf3 e5 7. d3 Nge7 8. O-O
O-O 9. Rb1 Nd4 10. Ne2 Be6 11. b3 Qa5 12. Nexd4 cxd4 13. Bd2 Qb6 14. f5 gxf5
15. Ng5 h6 16. exf5 Bxf5 17. Rxf5 Nxf5 18. Be4 Ne3 19. Qh5 f5 20. Bf3 hxg5 21.
Bxe3 e4 22. dxe4 dxe3 23. e5 Qc5 24. exd6 e2+ 25. Kg2 Qxd6 26. c4 Qh6 0-1

[Event "G7-1 2012"]
[Site "Helsingor"]
[Date "2012.04.07"]
[Round "5"]
[White "Christensen, Casper"]
[Black "Molin, Claus"]
[Result "0-1"]
[WhiteElo "1886"]
[BlackElo "1887"]
[PlyCount "148"]
[EventDate "2012.??.??"]
[EventCountry "DEN"]

1. e4 c5 2. Nf3 e6 3. d4 cxd4 4. Nxd4 a6 5. a4 Qc7 6. Be3 Nf6 7. Nd2 d5 8. Bd3
e5 9. Ne2 Be6 10. c3 Nc6 11. exd5 Bxd5 12. f3 Be6 13. O-O Be7 14. Rc1 Nd5 15.
Bf2 Bg5 16. Qc2 Ne3 17. Bxe3 Bxe3+ 18. Kh1 Na5 19. Rcd1 Rc8 20. Bf5 Bxf5 21.
Qxf5 O-O 22. Qe4 Bxd2 23. Rxd2 Nc4 24. Rdd1 f5 25. Qd3 Rcd8 26. Qb1 Nd2 27.
Qa2+ Qf7 28. Qxf7+ Kxf7 29. Rfe1 Kf6 30. f4 e4 31. Nd4 Nc4 32. b3 Nb2 33. Rd2
Nd3 34. Rf1 Rf7 35. Nc2 Rfd7 36. Kg1 Nc5 37. Rxd7 Rxd7 38. Nd4 Nd3 39. g3 Rc7
40. Ne2 h6 41. h4 g6 42. Kg2 Rc8 43. Rb1 Nc5 44. Kf2 Rd8 45. Nd4 Ne6 46. Nxe6
Kxe6 47. c4 Rd2+ 48. Kf1 Rd3 49. Kf2 Rf3+ 50. Kg2 Rc3 51. Kf2 h5 52. c5 Rxc5
53. Rb2 Rc3 54. b4 Rf3+ 55. Kg2 Ra3 56. a5 Rc3 57. b5 Kd5 58. bxa6 bxa6 59. Rb8
Rc5 60. Rg8 Rc6 61. Kf2 Kc5 62. Rb8 Kd5 63. Rg8 Rc2+ 64. Ke3 Rc3+ 65. Kf2 Ra3
66. Rxg6 Rxa5 67. Rg5 Kd4 68. Rxh5 Ra2+ 69. Kf1 Ke3 70. Rxf5 Kf3 71. Kg1 e3 72.
Rc5 Ra1+ 73. Kh2 e2 74. Rc3+ Kg4 0-1

[Event "G7-1 2012"]
[Site "Helsingor"]
[Date "2012.04.07"]
[Round "5"]
[White "Oland, Arne"]
[Black "Poulsen, Peter Risgaard"]
[Result "1/2-1/2"]
[WhiteElo "1878"]
[BlackElo "1888"]
[PlyCount "70"]
[EventDate "2012.??.??"]
[EventCountry "DEN"]

1. d4 e6 2. g3 f5 3. Bg2 Nf6 4. Nf3 Be7 5. O-O O-O 6. c4 Ne4 7. Qb3 b6 8. Nfd2
Bb7 9. f3 Nxd2 10. Bxd2 Bf6 11. Bc3 Qe7 12. Na3 d6 13. Nc2 Nd7 14. e4 fxe4 15.
fxe4 e5 16. d5 Bg5 17. Bb4 a5 18. Ba3 Rf6 19. Rxf6 Nxf6 20. Rf1 Rf8 21. Qd3 Bc8
22. b3 Qe8 23. Ne3 Qh5 24. Bc1 Ng4 25. Rxf8+ Kxf8 26. Qf1+ Kg8 27. Nxg4 Bxg4
28. Bxg5 Qxg5 29. h3 Bh5 30. Qe1 h6 31. a3 Bg6 32. Bf3 h5 33. h4 Qf6 34. Qe3
Be8 35. b4 axb4 1/2-1/2

[Event "G7-1 2012"]
[Site "Helsingor"]
[Date "2012.04.07"]
[Round "5"]
[White "Schultz Pedersen, Jesper"]
[Black "Nielsen, Klaus"]
[Result "1-0"]
[WhiteElo "2130"]
[BlackElo "2043"]
[PlyCount "79"]
[EventDate "2012.??.??"]
[EventCountry "DEN"]

1. e4 d6 2. Nc3 Nf6 3. f4 Bg4 4. Be2 Bxe2 5. Qxe2 Nc6 6. Nf3 e6 7. O-O Be7 8.
d3 a6 9. b3 Qd7 10. Kh1 h5 11. Nd1 Ng4 12. Bb2 f6 13. c4 O-O-O 14. Bc3 d5 15.
d4 dxe4 16. Qxe4 Bd6 17. Rb1 f5 18. Qe2 Bxf4 19. b4 Rde8 20. a4 e5 21. b5 Nxd4
22. Nxd4 exd4 23. Qf3 a5 24. Bxa5 g5 25. c5 Nxh2 26. c6 Qd6 27. cxb7+ Kb8 28.
b6 Nxf3 29. bxc7+ Qxc7 30. Bxc7+ Bxc7 31. gxf3 Re2 32. Nf2 Rhe8 33. Kg1 Ra2 34.
Nd3 Ree2 35. Rfc1 Rec2 36. Rxc2 Rxc2 37. Nb4 Bb6 38. Nxc2 d3+ 39. Rxb6 dxc2 40.
Rc6 1-0

[Event "G7-1 2012"]
[Site "Helsingor"]
[Date "2012.04.07"]
[Round "5"]
[White "Bruun, Henrik Emil"]
[Black "Karstensen, Christian"]
[Result "0-1"]
[WhiteElo "1950"]
[BlackElo "1912"]
[PlyCount "78"]
[EventDate "2012.??.??"]
[EventCountry "DEN"]

1. e4 c5 2. Nf3 d6 3. d4 cxd4 4. Nxd4 Nf6 5. Nc3 a6 6. f3 e5 7. Nb3 Be6 8. Be3
Be7 9. Qd2 Nbd7 10. O-O-O b5 11. g4 Nb6 12. Qf2 Nc4 13. Bxc4 bxc4 14. Nd2 Rb8
15. Qe2 Qa5 16. Nxc4 Qb4 17. Nd5 Nxd5 18. exd5 Bd7 19. a3 Qb5 20. b3 O-O 21. f4
Rfc8 22. f5 a5 23. a4 Qa6 24. Qd2 Bxa4 25. Qxa5 Bb5 26. Qxa6 Bxa6 27. Nb6 Rc3
28. Bd2 Rf3 29. Na4 Rc8 30. Kb2 Rf2 31. c4 Rb8 32. Ka3 Rf3 33. Nc3 Bg5 34. Be1
Be3 35. Na4 Bxc4 36. Bb4 Bc1+ 37. Rxc1 Rxb3+ 38. Ka2 R3xb4+ 39. Ka1 Rxa4# 0-1

[Event "G7-1 2012"]
[Site "Helsingor"]
[Date "2012.04.07"]
[Round "5"]
[White "Andersen, Rune"]
[Black "Jensen, Leif"]
[Result "0-1"]
[WhiteElo "2111"]
[BlackElo "1982"]
[PlyCount "114"]
[EventDate "2012.??.??"]
[EventCountry "DEN"]

1. d4 d5 2. c4 c6 3. Nf3 Nf6 4. Qc2 Bg4 5. Bf4 e6 6. e3 Bf5 7. Bd3 Bxd3 8. Qxd3
Bd6 9. Bg3 Ne4 10. Bxd6 Qxd6 11. Qb3 Qc7 12. O-O Nd7 13. Nc3 Nxc3 14. bxc3 O-O
15. Rab1 b6 16. Rfc1 Rac8 17. a4 Rfd8 18. Nd2 Qd6 19. cxd5 cxd5 20. c4 dxc4 21.
Rxc4 Rxc4 22. Qxc4 Ne5 23. Qe2 Nc6 24. Rc1 Qd7 25. Nf3 Rc8 26. Qb5 Ne7 27.
Rxc8+ Qxc8 28. h3 Qc6 29. Qe5 Qc8 30. Qd6 Nd5 31. Qa3 f6 32. e4 Qc3 33. Qd6
Qc1+ 34. Kh2 Qf4+ 35. Qxf4 Nxf4 36. g3 Ne2 37. d5 exd5 38. exd5 Kf7 39. Kg2 Nc3
40. Nd4 Nxd5 41. Nc6 Nc3 42. Nxa7 Nxa4 43. Kf3 Nc5 44. Nc8 Nd7 45. Ke4 Ke6 46.
f4 f5+ 47. Kd4 b5 48. Na7 b4 49. Nc6 b3 50. Kc3 Nc5 51. Nd4+ Kf6 52. g4 fxg4
53. hxg4 b2 54. Kxb2 Nd3+ 55. Kc3 Nxf4 56. Nf3 Nh3 57. Kd4 Nf2 0-1

[Event "G7-1 2012"]
[Site "Helsingor"]
[Date "2012.04.08"]
[Round "6"]
[White "Jensen, Morten Frank"]
[Black "Sorensen, Dick"]
[Result "1-0"]
[WhiteElo "1979"]
[BlackElo "1896"]
[PlyCount "85"]
[EventDate "2012.??.??"]
[EventCountry "DEN"]

1. g3 f5 2. Bg2 Nf6 3. c4 e5 4. Nc3 Nc6 5. d3 Bc5 6. Nh3 d6 7. a3 a6 8. b4 Ba7
9. O-O O-O 10. Be3 Bxe3 11. fxe3 Ng4 12. Qd2 Ne7 13. a4 c6 14. d4 Kh8 15. a5
Be6 16. d5 Bg8 17. e4 Qc7 18. Nf2 Nxf2 19. Rxf2 Rad8 20. Raf1 cxd5 21. Nxd5
Bxd5 22. cxd5 Rc8 23. exf5 Ng8 24. g4 Qc3 25. e4 Qxd2 26. Rxd2 Rc4 27. g5 Rxb4
28. Rc2 Rb5 29. Rc7 Rxa5 30. Rxb7 Rb5 31. Ra7 a5 32. Rc1 Rc5 33. Rb1 h6 34. h4
hxg5 35. hxg5 Rfc8 36. Rbb7 Nf6 37. gxf6 gxf6 38. Rh7+ Kg8 39. Rag7+ Kf8 40.
Rg6 a4 41. Rgh6 a3 42. Rh8+ Kg7 43. R6h7# 1-0